Comunicación : sociedad y medios /
Guardado en:
| Autor Principal: | |
|---|---|
| Otros Autores: | , , , |
| Formato: | Libro |
| Publicado: |
Buenos Aires :
Santillana ,
2000
|
| Series: | Santillana Polimodal
|
| Materias: | |
| Etiquetas: |
Agregar Etiqueta
Sin Etiquetas, Sea el primero en etiquetar este registro!
|
| LEADER | 01510nam a22003015a 4500 | ||
|---|---|---|---|
| 001 | CEM.cems010966 | ||
| 005 | 20080228083201.0 | ||
| 008 | 130507s2000##################000#0#####d | ||
| 003 | CEMS | ||
| 020 | |a 9504607764 | ||
| 082 | 0 | 4 | |a Z301.153 |
| 100 | 1 | |a Caletti, Sergio | |
| 245 | 1 | 0 | |a Comunicación : |b sociedad y medios / |c Sergio Caletti... [et Al] |
| 260 | |a Buenos Aires : |b Santillana , |c 2000 | ||
| 300 | |a 159 p. | ||
| 490 | 0 | |a Santillana Polimodal | |
| 505 | 0 | |a Qué es la comunicación -- La comunicación humana -- Estudios y teorías sobre los medios masivos -- Comunicación y medios -- La información en los medios -- Historia de las noticias -- Gritos, risas y lágrimas. Los medios y el entretenimiento -- El derecho a la información -- Medios, empresa y Estado -- Las audiencias -- La opinión pública -- La recepción de los medios masivos -- Los jóvenes, la cultura y los medios -- Carpeta de trabajos prácticos -- Proyecto de trabajo -- Bibliografía. | |
| 653 | |a Comunicación | ||
| 653 | |a Información | ||
| 653 | |a Medios de comunicación | ||
| 700 | 1 | |a Rasnosky, Judith | |
| 700 | 1 | |a Sosa, María Martina | |
| 700 | 1 | |a Cuesta González, Andrés M. | |
| 700 | 1 | |a Livszyc, Pablo G. | |
| 859 | |a CEMS |b BIB. CEMS - 11 de abril |h Z301.153 |i C128 |p 21750.02 |t Ej.1 | ||
| 859 | |a CEMS |b BIB. CEMS - 11 de abril |h Z301.153 |i C128 |p 21891.02 |t Ej.2 | ||
| 859 | |a CEMS |b BIB. CEMS - 11 de abril |h Z301.153 |i C128 |p 22830.05 |t Ej.3 | ||
| 859 | |a CEMS |b BIB. CEMS - 11 de abril |h Z301.153 |i C128 |p 22858.05 |t Ej.4 | ||
